000 00584nam a22001817a 4500
999 _c10481
_d10481
003 GBCCL
005 20241126110733.0
008 240813b ||||| |||| 00| 0 eng d
040 _cgbc
082 _aARC 2023
_bMIN
100 _aMinthang, Sonna Vung
_918254
245 _aThe gap between self reliance and dependency in the mission of the Evangelical Baptist Convention in Manipur /
_cSonna Vung Minthang
260 _aBengaluru :
_bSAIACS,
_c2023
300 _a172pages
440 _a28cm ;
_918255
650 _aMissions
_vEvangelical Baptist Convention
_918256
942 _2ddc
_cTH